000 00705nam a2200289Ia 4500
005 20260324131319.0
008 008 260324s9999 xx 000 0 eng d
020 _a9780203019290
037 _aEBOOK
040 _aCRL
040 _beng
040 _cCRL
041 _2eng
041 _aeng
084 _qCRL
100 _aJohn Cornwall; Craig Walter
_91185050
245 0 _aTherapeutic Education
245 0 _bWorking alongside troubled and troublesome children
260 _bTaylor and Francis
260 _c2006
365 _a
365 _b230
856 _uhttp://www.taylorfrancis.com/books/9780203019290
942 _cEBOOK
999 _c1782076
_d1782076